| 000 | 00374nam a2200145Ia 4500 | ||
|---|---|---|---|
| 005 | 20260328104336.0 | ||
| 008 | 260328s9999||||xx |||||||||||||| ||und|| | ||
| 100 | _aRockefeller, David | ||
| 245 | 0 |
_aTwentieth Century Engineering / _cDavid Rockefeller |
|
| 250 | _a1a ed. | ||
| 260 | _bThe Museum of Modern Art | ||
| 300 | _a139 p. | ||
| 650 | _aARQUITECTURA | ||
| 942 | _cBK | ||
| 999 |
_c11892 _d11892 |
||